| 000 | 00473cam a2200181ua 4500 | ||
|---|---|---|---|
| 020 | _c1.40 | ||
| 041 |
_amal _h |
||
| 082 |
_a894.812 _bVAS/SA |
||
| 100 | _aVasudeva Rao, K . | ||
| 245 |
_aSadharana Janangalum Vydiavignaneeyavum / _cK.Vasudeva Rao. _hTextual Documents |
||
| 260 |
_aQuilon : _bSree Rama Vilasam Press & Book Depot , _c1960. |
||
| 300 | _a151 ; . | ||
| 365 | _a1.40 | ||
| 504 | _a | ||
| 942 | _cBK | ||
| 999 |
_c1279 _d1279 |
||